Políticas y prácticas de deportación en la administración de Obama: entre más cambian las cosas más se quedan igual /
El objetivo de este artículo es describir la evolución reciente de las políticas y prácticas de deportación del gobierno de Obama y sus efectos sobre los inmigrantes indocumentados y legales que viven en los Estados Unidos y los desafíos de estas prácticas para todos aquellos que buscan una política...
Guardado en:
| Autor principal: | |
|---|---|
| Otros Autores: | |
| Formato: | Texto |
| Materias: | |
| Etiquetas: |
Agregar Etiqueta
Sin Etiquetas, Sea el primero en etiquetar este registro!
|
MARC
| LEADER | 00000 a a2200000 04500 | ||
|---|---|---|---|
| 001 | 46058 | ||
| 003 | |||
| 040 | |||
| 100 | |a Brinton Lykes, M. | ||
| 245 | |a Políticas y prácticas de deportación en la administración de Obama: |b entre más cambian las cosas más se quedan igual / |c M. Brinton Lykes, Jessica E. Chicco | ||
| 520 | |a El objetivo de este artículo es describir la evolución reciente de las políticas y prácticas de deportación del gobierno de Obama y sus efectos sobre los inmigrantes indocumentados y legales que viven en los Estados Unidos y los desafíos de estas prácticas para todos aquellos que buscan una política de inmigración más justa y humana. | ||
| 590 | |a AMB/DICIEMBRE2014 | ||
| 650 | |a A) MIGRACION | ||
| 650 | |a B) POLITICA MIGRATORIA | ||
| 650 | |a C) DERECHOS HUMANOS | ||
| 650 | |a D) ESTADOS UNIDOS | ||
| 700 | |a Chicco, Jessica E. | ||
| 773 | |g volumen43, número90 ( , 2011), páginas 7-18 | ||
| 999 | |c 27842 |d 27842 | ||
